Selección española 2010 - Estadísticas

Estadísticas generales
  • Esta prueba ha sido intentada 134 veces
  • La puntuación promedio es 10 de 11
Estadísticas de respuestas
Hint Respuesta % Correcto
POR Casillas
100%
DEL Iniesta
100%
DEF Puyol
97%
MED Xavi
97%
DEL Villa
94%
DEF Piqué
92%
MED Busquets
91%
DEF Ramos
91%
MED Xabi Alonso
83%
DEF Capdevila
80%
DEL Pedro
78%
No se encontraron pruebas coincidentes
Distribución de puntuación
Porcentaje de gente con cada puntuación
Porcentaje por número respondido
Historial de tus puntuaciones
No has intentado esta prueba.